00735nam a2200181 a 4500003000200000005001700002008004100019050003000060100002300090245010400113260009200217300004000309504004100349650004200390650003600432650003600468650004900504020250424133953.0970114s19uu xx 00 eng d aPGS HE 336.T3b.G738 2003 aGraham, Richard B. aA study of the perceptions of B.F. residents on the traffic situation in B.F. /cRichard B. Graham. aLas Piñas City, Philippines : bSouthville International School and Colleges,c2003. a28 pages :billustrations ;c28 cm. aIncludes bibliographical references. aTraffic congestionvPublic opinion.  aTraffic flowvSocial aspects.  aTransportationvPublic opinion. aUrban transportationvCitizen participation.